General principle of law (Record no. 40653)

MARC details
000 -LEADER
fixed length control field 00423nam a2200193Ia 4500
020 ## - INTERNATIONAL STANDARD BOOK NUMBER
ISBN 9783168916
050 ## - CALL MARK
Classification number KP 64 .D2/
100 ## - STATEMENT OF RESPONSIBILITY--MAIN AUTHOR NAME
Personal name Dada, T. O.
245 #0 - TITLE STATEMENT
Title General principle of law
250 ## - EDITION / VOLUME STATEMENT
Edition / Volume statement 3rd ed.
260 ## - PUBLICATION, DISTRIBUTION, ETC. (IMPRINT)
Place of publication Lagos
260 ## - PUBLICATION, DISTRIBUTION, ETC. (IMPRINT)
Name of publisher T.O Dada and Co.
260 ## - PUBLICATION, DISTRIBUTION, ETC. (IMPRINT)
Year of publication 2006
300 ## - PHYSICAL DESCRIPTION
Number of Pages 564 p
650 ## - SUBJECT ADDED ENTRY--TOPICAL TERM
Topical Term Lagos
942 ## - ADDED ENTRY ELEMENTS (KOHA)
Koha item type Books
Holdings
Withdrawn status Lost status Damaged status Not for loan Permanent Location Current Location Shelving location Date acquired Accession Number Price effective from Koha item type
        NILE UNIVERSITY OF NIGERIA - MAIN LIBRARY NILE UNIVERSITY OF NIGERIA - MAIN LIBRARY Items on shelf 06/03/2025 0184454 06/03/2025 Books